Introducción al álgebra discreta /

Contenido: Introducción a la aproximación y a la teoría de errores; Fundamentos de lógica; Teoría de conjuntos; Algebras de Boole; Teoría de grafos; Estructuras algebraicas; Máquinas de estados finitos.

Gardado en:
Detalles Bibliográficos
Autor Principal: Almeida Benítez, Pedro Ramón (autor)
Formato: Libro
Idioma:Lingua castelá
Publicado: Las Palmas de Gran Canaria, España : Universidad de Las Palmas de Gran Canaria, 2002, c2002
Series:(Manuales Docentes Universitarios ; 1)
Temas:
Etiquetas: Engadir etiqueta
Sen Etiquetas, Sexa o primeiro en etiquetar este rexistro!

MARC

LEADER 00000nam^a2200000^a^4500
001 000151258
005 20250521000000.0
009 20260310100204.159
020 |a 84-95792-76-1 
037 |a Acervo ITESO - Biblioteca 
041 |a ESP 
082 |a 511.  |b ALM 
100 |a Almeida Benítez, Pedro Ramón  |e (autor) 
245 1 0 |a Introducción al álgebra discreta /  |c P.R. Almeida Benítez ; presen. de Manuel Lobo Cabrera. 
264 4 |a Las Palmas de Gran Canaria, España :  |b Universidad de Las Palmas de Gran Canaria,  |c 2002, c2002 
300 |a 521 p. 
336 |a texto  |b txt  |2 rdacontenido 
337 |a sin mediación  |b n  |2 rdamedio 
338 |a volumen  |b nc  |2 rdasoporte 
440 1 |a (Manuales Docentes Universitarios ;  |v 1) 
520 |a Contenido: Introducción a la aproximación y a la teoría de errores; Fundamentos de lógica; Teoría de conjuntos; Algebras de Boole; Teoría de grafos; Estructuras algebraicas; Máquinas de estados finitos. 
649 |a XX 
650 |a Algoritmos 
650 |a Identidades (Matemáticas) 
650 |a Subconjuntos (Matemáticas) 
650 |a Maquinaria 
650 |a Control Automático 
650 |a Control -  |x Teoría 
650 |a Paquetes (Software) 
650 |a Programación (Software) 
650 |a Iteración 
650 |a Teoría de Grafos 
650 |a Teoría de Conjuntos 
650 |a Análisis de Errores (Matemáticas) 
650 |a Análisis Numérico 
650 |a Modelos Matemáticos 
650 |a Telecomunicaciones 
650 |a Lógica Matemática 
650 |a Algebra Booleana 
650 |a Algebra Lineal 
650 |a Algebra 
650 |a Ingeniería Computacional 
650 |a Matemáticas 
910 |a Fondo General 
920 |a Impresos - Libros 
930 |a Colección General 
905 |a 101 
901 |a 0500080152  |b IT1  |c ACC  |u 20250521 
902 |a https://opac.biblio.iteso.mx/vufind/Record/000151258